Score 0/24 Timer 03:00
0 Plays Today
Clue Word % Correct
Truth's partner at a slumber partyDARE
91.5%
•After ____DARK
89.8%
Sound much awaited by studentsBELL
89.7%
To fuse metal together through heat and hammeringWELD
89%
It might be bigger than one's biteBARK
88.7%
A ridge on the body produced by a whip's blowWELT
88.2%
Precedes Straits in a famous rock bandDIRE
87.5%
Apple or Hewlett-Packard alternative DELL
86.3%
A large group or flockHERD
85.7%
A unit of lettuceHEAD
84.5%
•____-Boiled Wonderland and the End of the World•HARD
84.3%
•South of the Border, ___ of the Sun•WEST
82.4%
Clue Word % Correct
•A ____ Sheep Chase•WILD
80.1%
Howie Mandel wants you to make one? DEAL
79.9%
With previous rung, to lavishly enjoy food and drinkDINE
76.1%
•Pin____, 1973•BALL
76.1%
•The ____-Up Bird Chronicle •WIND
72.7%
•____ the Wind Sing•HEAR
72.2%
With next rung, to lavishly enjoy food and drinkWINE
71.7%
To place an obstacle in the way ofBALK
71.6%
A unit found in any novelWORD
71.4%
A division for administrative or political purposesWARD
69.9%
Letter openerDEAR
67.2%
•Norwegian ____WOOD
57.6%

Today's Daily Dose

Remove Ads.
Support Sporcle.
Get the best of Sporcle when you Go Orange. This ad-free experience offers more features, more stats, and more fun while also helping to support Sporcle. Thank you for becoming a member.

You're not logged in!

Compare scores with friends on all Sporcle quizzes.
OR
Log In

Show Comments

Extras

Top Quizzes Today


Score Distribution

Your Account Isn't Verified!

In order to create a playlist on Sporcle, you need to verify the email address you used during registration. Go to your Sporcle Settings to finish the process.

Report this User

Report this user for behavior that violates our Community Guidelines.

Details: